000 00993nam a2200229 i 4500
001 166717
003 ES-MaACL
005 20230906213403.0
008 990413s1898 sp a |||| | spa d
040 _aCCPB | B
_bspa
_cCCPB | B
100 1 _aTudela y Tafalla, Antonio.
_9133410
245 1 0 _aLecciones de astronomía esférica
_b: explicadas en la Escuela Superior de Guerra /
_cpor el comandante de Estado Mayor Antonio Tudela y Tafalla, con arreglo a la obra de E. Caspari, y de acuerdo con las publicadas por el Instituto Geográfico.
260 _aMadrid :
_b[s.n.],
_c1898 (
_fImp. del Cuerpo de Artillería)
300 _aXXII, 261 p. :
_bil. ;
_c23 cm.
530 _aDisponible en formato digital.
596 _aMarca tip. en port.
597 _aAntep.
650 _aAstronomía esférica.
_9135647
752 _aEspaña -
_dMadrid
852 _aES-MaACL
_jB-889
_z- Enc. hol.
856 _uhttp://bdh-rd.bne.es/viewer.vm?id=0000122860&page=1
_zBiblioteca Digital Hispánica
999 _c166717
_d166717